| 000 | 00000nas##2200000za#4500 |
| 001 | 9.507337 |
| 003 | CaOODSP |
| 005 | 20200325093834 |
| 007 | cr ||||||||||| |
| 008 | 150406c2002||||xxc|| p o||||f| |0eng|d |
| 022 | |a1709-3805 |
| 040 | |aCaOODSP|beng |
| 043 | |an-cn--- |
| 086 | 1 |aMR1-16E-PDF |
| 110 | 1 |aCanada.|bCanadian Institutes of Health Research. |bInstitute of Musculoskeletal Health and Arthritis. |
| 245 | 10|aInstitute of Musculoskeletal Health and Arthritis - annual report |h[electronic resource] |
| 260 | |aCalgary - Alberta : |bCanadian Institutes of Health Research. |
| 310 | |aAnnual |
| 362 | 1 |a2001/2002-- |
| 690 | 07|aArthritis|2gcpds |
| 775 | 08|tInstitut de l'appareil locomoteur et de l'arthrite - rapport annuel |w(CaOODSP)9.503728 |
| 785 | 00|tInstitute of Musculoskeletal Health and Arthritis annual report |w(CaOODSP)9.500001 |